00594 2200193 4500001002100000005001500021035002000036007000300056008003900059082001000098084001600108100002700124245011700151260005300268300004100321650001100362650001400373022001300387INLIS00000000000099020240919103119 a0010-0924000068ta240919 | | |  a633.1 a633.1 ERI e0 aEries Dyah Mustikarini1 aEvaluation of the distinct and uniformity of upland rice superior varieties candidates /cEries Dyah Mustikarini aUnited Kingdom, Bristol :bIOP Publishing,c2023 a1-7 hlm, :bilus, ;c21 cm X 29,5 cm 4aJurnal 4aPadi Gogo a17551315